00941nam a22001697a 450000500170000000800410001705000300005810000220008824501420011026000340025230000220028650000400030865002130034894200130056199900190057495201780059320260512121418.0260512b |||||||| |||| 00| 0 eng d aTHE LC 225.8 .K4 J46bC.1 aJeptoo, Elizabeth aEffectiveness of Parental Involvement in Achievement of Core Competencies Among Learners in Public Primary Schools in Nandi County, Kenya aKisiibKisii Universityc2025 axviii, 281p.:ill. aIncludes bibliographical references a1. Parental involvement in education - Kenya - Nandi County. 2. Competency-based education - Kenya - Nandi County. 3. Education, Primary - Kenya - Nandi County. 4. Academic Achievement - Kenya - Nandi County. 2lcccREF c217114d217114 00102lcc406THE L C 00225.00008 .K00004 J00046708SC9377425aKSULbKSULd2026-05-12i113299l0oTHE LC 225.8 .K4 J46pA002041r2026-05-12 12:15:32tC.1w2026-05-12yREF